000 00779nam a22002177a 4500
999 _c8397
_d8397
003 GBCCL
005 20241126110649.0
008 210209b ||||| |||| 00| 0 eng d
020 _a9788193900611
040 _cgbc
082 _a226.506
_bBRO
100 _aBrown, Raymond E.
_d1928-1998.
_q(Raymond Edward),
_914696
245 _aAn introduction to the Gospel of John /
_cRaymond E. Brown ; edited, updated, introduced, and concluded by Francis J. Moloney.
260 _aBangalore:
_bOmega book world,
_c2019
300 _axxvi, 356 p. ;
_b25 cm.
440 _aThe Anchor Bible reference library
_97949
504 _aIncludes bibliographical references and indexes.
650 _2Bible.
_vJohn
_xintroductions
_914697
700 _aMoloney, Francis J.
_98800
942 _2ddc
_cBK
_04